Detalles MARC
| 000 -LIDER |
| fixed length control field |
01597nam a22002897a 4500 |
| 003 - IDENTIFICACDOR DE NÚMERO DE CONTROL |
| control field |
DO-SdBPM |
| 005 - DATE AND TIME OF LATEST TRANSACTION |
| control field |
20250402110512.0 |
| 008 - ELEMENTOS DE LONGITUD FIJA |
| fixed length control field |
161031b 2006 xx a 00| 0 spa d |
| 020 ## - ISBN |
| International Standard Book Number |
1412738334 |
| 020 ## - ISBN |
| International Standard Book Number |
9781412738330 |
| 040 ## - FUENTE DE CATALOGACIÓN |
| Agencia que crea de manera original el registro |
DO-SdBPM |
| Idioma de catalogación |
spa |
| Agencia que realiza la transcripción |
BPMSU |
| 082 #4 - NÚMERO DE CLASIFICACIÓN DECIMAL DE DEWEY |
| Classification number |
808.068 |
| Item number |
L485u 2006 |
| Edition number |
22 |
| 245 10 - MENCIÓN DE TITULO |
| Título |
Léeme un cuento de Winnie Pooh / |
| Mención de responsabilidad |
A. A. Milne ; traducción Ana Izquierdo, Arlette de Álba |
| 260 ## - PUBLICACIÓN, DISTRIBUCIÓN, ETC. (PIE DE IMPRENTA) |
| Lugar de publicación, distribución, etc |
Lincolnwood, Illinois, Estados Unidos : |
| Nombre del editor, distribuidor, etc. |
Publications Internacional, |
| Fecha de publicación, distribución, etc |
2006. |
| 300 ## - DESCRIPCIÓN FÍSICA |
| Extensión |
318 p. : |
| Otros detalles físicos |
il. ; |
| Dimensiones |
23 cm. |
| 490 0# - MENCIÓN DE SERIES |
| Mención de serie |
Disney |
| 500 ## - NOTA GENERAL |
| Nota general |
Libro de pasta dura. |
| 505 2# - NOTA DE CONTENIDO |
| Texto normalizado de contenido |
Un dulce riesgo. -- hogar, dulce hogar. -- La grandísima, rojísima y rebotadorísima pelota nueva. -- Piglet el magnífico. -- La pesadilla de Rito. -- El día no tan especial, muy especial. -- La verdadera familia de Tigger. -- El pajarillo azul. -- El asombrosos Winnie Pooh. -- Una aventura oscura. -- Un día feliz. -- Conejo y Winnie Pooh en una aventura campestre. -- El visitante nocturno. -- El tesoro de Tigger. -- Un oso confiable. -- Un desfile de patos y píos. -- El azadón perdido. -- A volar¿. -- El árbol de miel de Winnie Pooh. -- Piglet sueña con dormir. -- La olla de oro. -- El más grande temor de Tigger. -- Las cosas favoritas. -- Recordando a los amigos. |
| 590 ## - NOTA LOCAL |
| Texto de la nota local |
Inventariado, 2025/VM |
| 650 #4 - ENCABEZAMIENTO DE MATERIA--TEMÁTICO |
| Término temático o nombre geográfico como elemento de entrada |
Cuentos infantiles |
| 650 #4 - ENCABEZAMIENTO DE MATERIA--TEMÁTICO |
| Término temático o nombre geográfico como elemento de entrada |
Historias de aventuras |
| 700 1# - ASIENTO SECUNDARIO -- NOMBRE PERSONAL |
| Nombre personal |
Izquierdo, Ana |
| Mención de responsabilidad |
traductora |
| 700 1# - ASIENTO SECUNDARIO -- NOMBRE PERSONAL |
| Nombre personal |
Álba, Arlette de |
| Mención de responsabilidad |
traductora |
| 710 2# - ASIENTO SECUNDARIO -- NOMBRE CORPORATIVO |
| Nombre corporativo o de jurisdicción |
Disney |
| 910 ## - VALIDACIÓN |
| Validación |
VMateo V. Control de calidad. BPMSU |
| 942 ## - ADDED ENTRY ELEMENTS (KOHA) |
| Source of classification or shelving scheme |
Dewey Decimal Classification |
| Koha item type |
Libros |